|
|
|
|
| LEADER |
01264nam a2200301 a 4500 |
| 001 |
000015404 |
| 003 |
CZ BrMZK |
| 005 |
20210122085343.0 |
| 008 |
010907s1994 xr f cze d |
| 015 |
|
|
|a cnb000092625
|
| 020 |
|
|
|z 80-85053-15-5
|
| 040 |
|
|
|a BOA001
|b cze
|
| 080 |
|
|
|a 72(437.1)"19":92 Feuerstein, Bedřich
|2 MRF
|
| 080 |
|
|
|a 929 Feuerstein, Bedřich
|2 MRF
|
| 100 |
1 |
|
|a Hlaváčková, Miroslava,
|d 1942-2020
|7 jn99240000291
|4 aut
|
| 245 |
1 |
0 |
|a Bedřich Feuerstein :
|b [kat. výstavy] : Galerie výtvarného umění v Roudnici nad Labem : září-listopad 1994 /
|c text naps. Miroslava Hlaváčková a Vlaďka Valchářová
|
| 260 |
|
|
|a Roudnice nad Labem :
|b Galerie moderního umění,
|c 1994
|
| 300 |
|
|
|a 31 s. :
|b il. (některé barev.)
|
| 504 |
|
|
|a Obsahuje bibliografii
|
| 653 |
0 |
|
|a Feuerstein, Bedřich 1892-1936
|a čeští architekti
|
| 700 |
1 |
|
|a Feuerstein, Bedřich,
|d 1892-1936
|7 jk01030947
|4 aut
|
| 700 |
1 |
|
|a Valchářová, Vladislava,
|d 1951-
|7 js20030519007
|4 aut
|
| 910 |
|
|
|a BOA001
|b X2-1004.782
|
| 962 |
|
|
|a 929
|
| 962 |
|
|
|a 72(437.1)
|
| 964 |
|
|
|a Feuerstein
|b Bedřich
|f 1892-1936
|x výstavy
|z r.1994
|x katalogy
|
| 990 |
|
|
|a BK
|
| 996 |
6 |
|
|b 2610015915
|c X2-1004.782
|l MZK
|r Sklad / do 24 hodin
|n 12
|p p.v.
|w 000015404
|u 000010
|a 1
|e BOA001
|j MZK50
|s P
|